LEADER 00741nam 2200253 450 001 9910758899703321 005 20260203115459.0 100 $a20231128d2016----u y0engy50 ba 101 0 $aita 102 $aIT 105 0 $a 001yy 200 1 $aChernobyl$edal dramma all'accoglienza$fa cura di Mirco Elena$gGiovanni Dalmaso [et al.] 210 $aTerni$cFondazione aiutiamoli a vivere$dstampa 2016 215 $a239 p.$cill.$d23 cm 610 0 $aChernobyl$aDisastro 676 $a363.1799 700 1$aElena,$bMirco$01437729 801 2$aIT$bUNINA$gRICA$2UNIMARC 901 $aBK 912 $a9910758899703321 952 $a10 DO 321 TA$bDONOTAMBURRINI321/23$fDINEL 959 $aDINEL 996 $aChernobyl$93598563 997 $aUNINA LEADER 02422oas 2201057 a 450 001 9910895684303321 005 20260218110102.0 035 $a(DE-599)ZDB2517161-6 035 $a(OCoLC)426482929 035 $a(CONSER) 2011247755 035 $a(CKB)1000000000716631 035 $a(DE-599)2517161-6 035 $a(EXLCZ)991000000000716631 100 $a20090720b20082009 uy a 101 0 $aeng 135 $aur||||||||||| 181 $ctxt$2rdacontent 182 $cc$2rdamedia 183 $acr$2rdacarrier 200 00$aClinical medicine$iGeriatrics 210 $a[Auckland, NZ] $cLibertas Academica 300 $aRefereed/Peer-reviewed 311 08$a1178-217X 517 3 $aGeriatrics 531 1 $aClin med geriatr 606 $aAging$vPeriodicals 606 $aGeriatrics$vPeriodicals 606 $aAged 606 $aVieillissement$vPe?riodiques 606 $aGe?riatrie$vPe?riodiques 606 $aGeriatric Medicine$2ebps 606 $aAging$2fast$3(OCoLC)fst00800293 606 $aGeriatrics$2fast$3(OCoLC)fst00941257 608 $aPeriodical. 608 $aFulltext. 608 $aInternet Resources. 608 $aPeriodicals. 608 $aPeriodicals.$2fast 615 0$aAging 615 0$aGeriatrics 615 2$aAged. 615 6$aVieillissement 615 6$aGe?riatrie 615 7$aGeriatric Medicine. 615 7$aAging. 615 7$aGeriatrics. 676 $a618.97005 712 02$aLibertas Academica 801 0$bFQM 801 1$bFQM 801 2$bNTE 801 2$bHEBIS 801 2$bOCLCQ 801 2$bNZ1 801 2$bPFM 801 2$bCUS 801 2$bOCLCQ 801 2$bOCLCF 801 2$bOCLCQ 801 2$bOCLCO 801 2$bEUW 801 2$bOCLCO 801 2$bOCLCQ 801 2$bOCLCO 801 2$bOCLCQ 801 2$bUAB 801 2$bSTF 801 2$bCASUM 801 2$bXFH 801 2$bWT2 801 2$bOCLCQ 801 2$bOCLCO 801 2$bCRU 801 2$bOCLCQ 801 2$bOCLCO 801 2$bWYU 801 2$bVT2 801 2$bOCLCQ 801 2$bOCLCO 801 2$bOCLCA 801 2$bOCLCQ 801 2$bSRU 801 2$bBWN 801 2$bOCLCA 801 2$bOCLCQ 801 2$bUEJ 801 2$bOCLCL 906 $aJOURNAL 912 $a9910895684303321 996 $aClinical medicine$9806222 997 $aUNINA